| 000 | 00425nam a22001457a 4500 | ||
|---|---|---|---|
| 005 | 20250923105054.0 | ||
| 008 | 250923b |||||||| |||| 00| 0 eng d | ||
| 020 | _a9780852555569 | ||
| 050 |
_aPR9379 _bNEW |
||
| 100 | _aNEWELL STEPHANIE | ||
| 245 |
_aGHANAIN POPULAR FICTION; _bTHRILLING DISCOVERIES IN CONJUGAL LIFE AND OTHER TALES |
||
| 260 |
_aOHIO _bOHIO UNIVERSITY PRESS _c2000 |
||
| 300 | _aix, 180p | ||
| 942 |
_2lcc _cBK _n0 |
||
| 999 |
_c7632 _d7632 |
||